000 00299nam a22001337a 4500
008 171106b xxu||||| |||| 00| 0 eng d
020 _a0136861717
041 _aeng
080 _a330.722.6
100 _a61
101 _aKON
245 _aPOSITIVE ACCOUNTING THEORY
_cWATS.R.L
942 _2udc
_cBK
999 _c37821
_d37821